Special report: sustainability (Record no. 71841)

MARC details
000 -LEADER
fixed length control field 01236cam a2200253 4500
001 - CONTROL NUMBER
control field ABS66211
008 - FIXED-LENGTH DATA ELEMENTS--GENERAL INFORMATION
fixed length control field 021223n2002 000 0 eng u
035 ## - SYSTEM CONTROL NUMBER
System control number (Sirsi) u120868
100 ## - MAIN ENTRY--PERSONAL NAME
Personal name Mann, W
245 ## - TITLE STATEMENT
Title Special report: sustainability
260 ## - PUBLICATION, DISTRIBUTION, ETC.
Date of publication, distribution, etc. 2002
490 ## - SERIES STATEMENT
Series statement Contract Journal
Volume/sequential designation 415(6397) 2 October 2002, 24-30(7)
520 ## - SUMMARY, ETC.
Summary, etc. Four articles examine the issues facing UK construction on sustainability. "Solar perplexus" looks at solar energy, and particularly how the British government has introduced a new grant to encourage its wider use. "Wood you believe it!" discusses how Finland is ahead of the UK in its use of timber buildings, and what can be learnt from their experiences. "Residual matters" analyses the issue of substituting primary aggregates with secondary products, and the processing of industrial residues. "Pipe dreams" reviews a recent pipeline project, which recycles old materials and equipment.
590 ## - LOCAL NOTE (RLIN)
Local note ABS
650 ## - SUBJECT ADDED ENTRY--TOPICAL TERM
Topical term or geographic name entry element SOLAR ENERGY
650 ## - SUBJECT ADDED ENTRY--TOPICAL TERM
Topical term or geographic name entry element TIMBER CONSTRUCTION
650 ## - SUBJECT ADDED ENTRY--TOPICAL TERM
Topical term or geographic name entry element RECYCLING
650 ## - SUBJECT ADDED ENTRY--TOPICAL TERM
Topical term or geographic name entry element RESIDUE
650 ## - SUBJECT ADDED ENTRY--TOPICAL TERM
Topical term or geographic name entry element Sustainability
9 (RLIN) 6271
690 ## - LOCAL SUBJECT ADDED ENTRY--TOPICAL TERM (OCLC, RLIN)
Topical term or geographic name as entry element BUILT ENVIRONMENT-SUSTAINABLE CONSTRUCTION
700 ## - ADDED ENTRY--PERSONAL NAME
Personal name Atkinson, J
700 ## - ADDED ENTRY--PERSONAL NAME
Personal name Faulkner, G
942 ## - ADDED ENTRY ELEMENTS (KOHA)
Suppress in OPAC 0
Holdings
Withdrawn status Lost status Source of classification or shelving scheme Damaged status Not for loan Home library Current library Shelving location Date acquired Total Checkouts Full call number Barcode Date last seen Copy number Price effective from Koha item type
    Dewey Decimal Classification     London London Journal article 23/12/2002   ABS66211 120868-1001 06/08/2019 1 06/08/2019 Journal article